000
00341nam a2200157Ia 4500
003
OSt
005
20231121063622.0
008
170523s9999 xx 000 0 und d
020
_a
0-07-463227-2
040
_c
IIMT
100
_a
KOONTZ- H
245
0
_a
ESSENTIALS OF MANAGEMENT
260
_b
MC GRAW HILL
260
_c
2002
942
_2
ddc
_c
02
999
_c
989
_d
989